Codes of ethics in tourism : Practices, theory, synthesis (Record no. 23085)

MARC details
000 -LEADER
fixed length control field 00436nam a2200157Ia 4500
008 - FIXED-LENGTH DATA ELEMENTS--GENERAL INFORMATION
fixed length control field 230917s9999||||xx |||||||||||||| ||und||
040 ## - CATALOGING SOURCE
-- 138677
Original cataloging agency VIVEKANANDA LIBRARY
041 ## - Language
-- English
082 ## - DDC NUMBER
Classification number 338.4791 F36C
100 ## - MAIN ENTRY--PERSONAL NAME
Personal name Fennell, David A
245 #0 - TITLE STATEMENT
Title Codes of ethics in tourism : Practices, theory, synthesis
260 ## - PUBLICATION, DISTRIBUTION, ETC. (IMPRINT)
Place of publication, distribution, etc New Delhi
Name of publisher, distributor, etc Viva Books
Date of publication, distribution, etc 2010
300 ## - PHYSICAL DESCRIPTION
Pages viii, 186 p.
500 ## - GENERAL NOTE
General note 2765 30/06/2017 Main Budget
942 ## - ADDED ENTRY ELEMENTS (KOHA)
Koha item type Books
Holdings
Withdrawn status Lost status Damaged status Not for loan Location (home branch) Sublocation or collection (holding branch) Shelving location Date acquired Koha issues (times borrowed) Koha full call number Accession No. Koha date last seen Koha item type
        VIVEKANANDA LIBRARY VIVEKANANDA LIBRARY IHTM Library 17/02/2010   338.4791 F36C 276751 17/09/2023 Books
        VIVEKANANDA LIBRARY VIVEKANANDA LIBRARY IHTM Library 17/02/2010   338.4791 F36C 366645 17/09/2023 Books
© Designed and Maintained by Vivekananda Library, MDU Rohtak